01291nam a22001937a 4500003000400000005001700004008004100021020001800062040001500080100003700095245010400132250001200236260003400248300001100282490002800293520069600321650004601017700003401063OSt20250624122332.0230830s2016 ag ||||| |||| 00| f spa d a9789875802650 bspacbesoc1 aCoelho, Paulo d(1947-), eautor10aA orillas del río Piedra me senté y lloré / cPaulo Coelho ; traducción de Alfonso Indecona a11a ed. aBuenos Aires :bBooket,c2016 a214 p.0 aBiblioteca Paulo Coelho aTras once años, una mujer se reencuentra con su amado. La última vez que se vieron eran todavía adolescentes. Hoy, la vida los ha llevado por caminos muy distintos: ella vive en Zaragoza, prepara oposiciones y ha aprendido a dominar sus sentimientos. Él ha viajado por todo el mundo, posee el don de la curación y ha encontrado en la religión un refugio para huir de sus conflictos interiores. Pero en el reencuentro, a ambos los unirá un único deseo: el de cumplir sus sueños. A orillas del río Piedra me senté y lloré es una novela sobre el amor y la esencia de la vida, porque las historias de amor encierran en sí todos los secretos del mundo. [Nota del editor] 4aLiteratura brasileñavNovelasxSiglo XX1 aIndecona, Alfonso etraductor